| 000 | 00456nam a2200157 i 4500 | ||
|---|---|---|---|
| 001 | bg | ||
| 100 | 1 | _aMEUŚ, Władysław | |
| 245 | 0 |
_aŚciany i świetliki z profilowanych płyt szklanych NITROLIT / _cWładysław Meuś, Marian Kowalski, Ryszard Rudziński. |
|
| 260 |
_aWarszawa, _c1974. |
||
| 700 | 1 | _aKOWALSKI, Marian | |
| 700 | 1 | _aRUDZIŃSKI, Ryszard | |
| 040 | _cBPK | ||
| 041 | _apol | ||
| 942 | _cKS | ||
| 008 | s pl f |000 0 pol | ||
| 999 |
_c27233 _d27233 |
||
| 856 |
_uhttp://koha.tu.koszalin.pl/cgi-bin/koha/opac-detail.pl?biblionumber=27233 _yKatalog online BPK |
||